[Event "Wch Seniors 14th"]
[Site "Halle"]
[Date "2004.10.24"]
[Round "1"]
[White "Smits, Oswald"]
[Black "Bodinger, Karl"]
[Result "1-0"]
[WhiteElo "2010"]
[BlackElo "1422"]
[PlyCount "43"]
[EventDate "2004.10.24"]
[EventType "swiss"]
[EventRounds "11"]
[EventCountry "GER"]
[SourceTitle "EXT 2005"]
[Source "ChessBase"]
[SourceDate "2004.11.15"]
[SourceVersion "1"]
[SourceVersionDate "2004.11.15"]
[SourceQuality "1"]

1. d4 Nf6 2. Nf3 e6 3. e3 Be7 4. Bd3 d5 5. Nbd2 0-0 6. 0-0 c5 7. c3 Nc6 8. Qe2 h6 9. dxc5 Bxc5 10. e4 dxe4 11. Nxe4 Ng4 12. Nxc5 Nge5 13. Bc2 Nxf3+ 14. Qxf3 e5 15. Qg3 Kh8 16. Be3 f5 17. Rad1 Qa5 18. Rd6 Qxa2 19. Bxh6 Rf7 20. Bb3 f4 21. Qg6 Bf5 22. Qxf7 1-0

[Event "Bad Sooden-Allendorf Seniors op 15th"]
[Site "Bad Sooden-Allendorf"]
[Date "2003.05.04"]
[Round "6"]
[White "Ludwig, Egbert"]
[Black "Bodinger, Karl"]
[Result "1/2-1/2"]
[WhiteElo "1125"]
[BlackElo "1551"]
[PlyCount "31"]
[EventDate "2003.05.??"]
[EventType "swiss"]
[EventRounds "9"]
[EventCountry "GER"]
[SourceTitle "EXT 2006"]
[Source "ChessBase"]
[SourceDate "2005.11.24"]
[SourceVersion "1"]
[SourceVersionDate "2005.11.24"]
[SourceQuality "1"]

1. d4 Nf6 2. Nf3 d5 3. c4 c6 4. cxd5 cxd5 5. Nc3 a6 6. Bf4 Nh5 7. Bg5 h6 8. Bh4 g5 9. Bg3 Nxg3 10. hxg3 Bg7 11. e3 Nc6 12. Be2 Bf5 13. Qb3 Bg6 14. Qxb7 Na5 15. Qb4 0-0 16. Na4 1/2-1/2

[Event "Bad Sooden-Allendorf Seniors op 15th"]
[Site "Bad Sooden-Allendorf"]
[Date "2003.05.02"]
[Round "5"]
[White "Bodinger, Karl"]
[Black "Reichel, Horst"]
[Result "0-1"]
[WhiteElo "1551"]
[BlackElo "1434"]
[PlyCount "68"]
[EventDate "2003.05.??"]
[EventType "swiss"]
[EventRounds "9"]
[EventCountry "GER"]
[SourceTitle "EXT 2006"]
[Source "ChessBase"]
[SourceDate "2005.11.24"]
[SourceVersion "1"]
[SourceVersionDate "2005.11.24"]
[SourceQuality "1"]

1. e4 c5 2. Nf3 d6 3. d4 cxd4 4. Nxd4 Nf6 5. Nc3 a6 6. Be2 Nc6 7. Bf3 Qc7 8. Nxc6 bxc6 9. 0-0 e5 10. Re1 Be7 11. Na4 0-0 12. c4 Be6 13. b3 h6 14. Be3 Rab8 15. Qe2 Qb7 16. Rab1 Rfe8 17. Qc2 Bf8 18. h3 Rbd8 19. c5 d5 20. Nb6 a5 21. b4 d4 22. Bc1 Nd7 23. Nxd7 Rxd7 24. Bd2 f6 25. Be2 Red8 26. Bd3 Rf7 27. Bc4 Bxc4 28. Qxc4 Qb5 29. Qxb5 cxb5 30. f4 Ra8 31. fxe5 fxe5 32. Rf1 axb4 33. Bxb4 Rxa2 34. Rxf7 Kxf7 0-1

[Event "Bad Sooden-Allendorf Seniors op 15th"]
[Site "Bad Sooden-Allendorf"]
[Date "2003.05.01"]
[Round "3"]
[White "Bodinger, Karl"]
[Black "Kirschner, Gerhard"]
[Result "1/2-1/2"]
[WhiteElo "1551"]
[BlackElo "1470"]
[PlyCount "101"]
[EventDate "2003.05.??"]
[EventType "swiss"]
[EventRounds "9"]
[EventCountry "GER"]
[SourceTitle "EXT 2006"]
[Source "ChessBase"]
[SourceDate "2005.11.24"]
[SourceVersion "1"]
[SourceVersionDate "2005.11.24"]
[SourceQuality "1"]

1. e4 c5 2. Nf3 e6 3. d4 cxd4 4. Nxd4 a6 5. Nc3 Bc5 6. Rb1 Nc6 7. Nxc6 bxc6 8. Bc4 Qc7 9. 0-0 Nf6 10. b4 Be7 11. f4 d5 12. Bd3 0-0 13. Kh1 dxe4 14. Nxe4 Nd5 15. Bd2 Rb8 16. a3 Rd8 17. Qe2 a5 18. c4 Nf6 19. Nxf6+ Bxf6 20. bxa5 Rxb1 21. Rxb1 Qd6 22. Rb3 Bd4 23. h3 h6 24. g3 Rd7 25. Bb4 Bc5 26. Qe5 Qxe5 27. fxe5 Ba7 28. c5 Rb7 29. g4 Bd7 30. Rb1 Kf8 31. Kg2 Ke7 32. Rf1 Bb8 33. Re1 Ra7 34. Kf3 Bc7 35. a6 Bc8 36. h4 Bxa6 37. Bxa6 Rxa6 38. Ke4 Ra8 39. Rd1 Ra6 40. g5 hxg5 41. hxg5 g6 42. Rd3 Ra8 43. Rb3 Ra4 44. Kd4 Ke8 45. Re3 Ba5 46. Kc4 Bc7 47. Kb3 Ra8 48. Re4 Ra7 49. a4 Kd7 50. Bc3 Rb7+ 51. Ka3 1/2-1/2

[Event "Bad Sooden-Allendorf Seniors op 15th"]
[Site "Bad Sooden-Allendorf"]
[Date "2003.04.30"]
[Round "2"]
[White "Fritsch, Wolfgang"]
[Black "Bodinger, Karl"]
[Result "1-0"]
[WhiteElo "1700"]
[BlackElo "1551"]
[PlyCount "85"]
[EventDate "2003.05.??"]
[EventType "swiss"]
[EventRounds "9"]
[EventCountry "GER"]
[SourceTitle "EXT 2006"]
[Source "ChessBase"]
[SourceDate "2005.11.24"]
[SourceVersion "1"]
[SourceVersionDate "2005.11.24"]
[SourceQuality "1"]

1. e4 c5 2. Nf3 d6 3. d4 cxd4 4. Nxd4 Nf6 5. Nc3 a6 6. Bg5 h6 7. Bxf6 gxf6 8. Bc4 e6 9. Qh5 Qe7 10. 0-0-0 Bd7 11. Rhe1 Nc6 12. Nxc6 Bxc6 13. f4 Rg8 14. f5 0-0-0 15. g3 Rg5 16. Qh3 e5 17. Qf1 a5 18. Bd5 Qc7 19. Qc4 Bg7 20. Bxf7 b5 21. Be6+ Kb7 22. Nxb5 Bxb5 23. Qxb5+ Ka7 24. Rd5 Bf8 25. Qxa5+ Qxa5 26. Rxa5+ Kb6 27. Rd5 h5 28. Rd3 Rg4 29. c4 Ra8 30. a3 Ra7 31. Kc2 Ra4 32. b4 h4 33. Kb3 Ra7 34. a4 Rag7 35. a5+ Ka7 36. gxh4 Rxh4 37. Rg3 Rxh2 38. Rxg7+ Bxg7 39. Rd1 Bf8 40. Bd5 Rh3+ 41. Ka4 Bh6 42. Kb5 Be3 43. Kc6 1-0

[Event "Wch Seniors 12th"]
[Site "Naumburg"]
[Date "2002.11.01"]
[Round "10"]
[White "Zurel, Maxim"]
[Black "Bodinger, Karl"]
[Result "1-0"]
[WhiteElo "1777"]
[BlackElo "1577"]
[PlyCount "81"]
[EventDate "2002.10.21"]
[EventType "swiss"]
[EventRounds "11"]
[EventCountry "GER"]
[SourceTitle "EXT 2006"]
[Source "ChessBase"]
[SourceDate "2005.11.24"]
[SourceVersion "1"]
[SourceVersionDate "2005.11.24"]
[SourceQuality "1"]

1. e4 c5 2. Nf3 d6 3. c3 a6 4. Bc4 e6 5. 0-0 b5 6. Bb3 e5 7. d4 c4 8. Bc2 Qc7 9. dxe5 dxe5 10. Qd5 Bb7 11. Qxe5+ Qxe5 12. Nxe5 Nf6 13. Re1 Bd6 14. Nf3 Ng4 15. e5 Bc5 16. Nd4 Nc6 17. h3 Nxd4 18. cxd4 Bb4 19. Bd2 Bxd2 20. Nxd2 Nh6 21. Rad1 Ke7 22. g4 Rhd8 23. Be4 Bd5 24. Bxd5 Rxd5 25. Ne4 Ng8 26. Nc3 Rdd8 27. d5 g5 28. Ne4 h6 29. d6+ Kd7 30. Re3 a5 31. Rf3 Ke8 32. Nf6+ Nxf6 33. Rxf6 Ra7 34. Rxh6 Kd7 35. Rf6 Ke8 36. Rf5 b4 37. Rxg5 c3 38. bxc3 bxc3 39. Rc1 Kf8 40. Rxc3 f6 41. Rf5 1-0

[Event "Wch Seniors 12th"]
[Site "Naumburg"]
[Date "2002.10.22"]
[Round "2"]
[White "Krueger, Sigurd"]
[Black "Bodinger, Karl"]
[Result "1-0"]
[WhiteElo "1872"]
[BlackElo "1577"]
[PlyCount "82"]
[EventDate "2002.10.21"]
[EventType "swiss"]
[EventRounds "11"]
[EventCountry "GER"]
[SourceTitle "EXT 2006"]
[Source "ChessBase"]
[SourceDate "2005.11.24"]
[SourceVersion "1"]
[SourceVersionDate "2005.11.24"]
[SourceQuality "1"]

1. c4 Nf6 2. Nc3 e6 3. g3 d5 4. cxd5 exd5 5. Bg2 c6 6. d4 Be7 7. Nf3 0-0 8. 0-0 Ne4 9. Qc2 f5 10. a3 Nd7 11. Nd2 Bg5 12. e3 Qe7 13. b4 Qd6 14. Nf3 Be7 15. Bb2 Bf6 16. Rac1 Nb6 17. Rfd1 Nc4 18. Qb3 Nxb2 19. Qxb2 a6 20. Na4 Bd8 21. Qb3 Bd7 22. Ne5 Be8 23. Bxe4 fxe4 24. Nc5 Qh6 25. Nxe4 Kh8 26. Nd2 Qh3 27. Nf1 Bh5 28. Rd2 Rf3 29. Qc2 Bg5 30. Re1 Raf8 31. Qc3 Bh6 32. Qc5 g5 33. Qe7 R3f7 34. Qc5 Rf3 35. Qe7 R3f6 36. Qd7 Rf5 37. f3 Bg7 38. f4 Be8 39. Qxb7 gxf4 40. exf4 Bxe5 41. dxe5 Rg5 1-0

[Event "Wch Seniors 12th"]
[Site "Naumburg"]
[Date "2002.10.21"]
[Round "1"]
[White "Bodinger, Karl"]
[Black "Hilburt, Leonid"]
[Result "0-1"]
[WhiteElo "1577"]
[BlackElo "2106"]
[PlyCount "59"]
[EventDate "2002.10.21"]
[EventType "swiss"]
[EventRounds "11"]
[EventCountry "GER"]
[SourceTitle "EXT 2006"]
[Source "ChessBase"]
[SourceDate "2005.11.24"]
[SourceVersion "1"]
[SourceVersionDate "2005.11.24"]
[SourceQuality "1"]

1. e4 e5 2. Nf3 Nc6 3. Bb5 a6 4. Bc4 Nf6 5. Nc3 Bc5 6. 0-0 d6 7. h3 b5 8. Bd5 Nxd5 9. exd5 Ne7 10. d4 exd4 11. Nxd4 0-0 12. Nb3 Bb6 13. a3 Ng6 14. Be3 Bxe3 15. fxe3 Qg5 16. Qd2 Bxh3 17. e4 Qxd2 18. Nxd2 Bd7 19. Nf3 Rae8 20. Nd4 Ne5 21. Rad1 Nc4 22. Rb1 Nd2 23. Rf4 Nxb1 24. Nxb1 g5 25. Rf1 Rxe4 26. Nf3 h6 27. Nbd2 Re2 28. Rd1 g4 29. Nd4 Re5 30. Nc6 0-1

[Event "Bad Sooden-Allendorf Seniors op 14th"]
[Site "Bad Sooden-Allendorf"]
[Date "2002.04.29"]
[Round "8"]
[White "Bodinger, Karl"]
[Black "Klose, Hans Peter"]
[Result "0-1"]
[WhiteElo "1577"]
[BlackElo "1477"]
[PlyCount "54"]
[EventDate "2002.04.??"]
[EventType "swiss"]
[EventRounds "9"]
[EventCountry "GER"]
[SourceTitle "EXT 2006"]
[Source "ChessBase"]
[SourceDate "2005.11.24"]
[SourceVersion "1"]
[SourceVersionDate "2005.11.24"]
[SourceQuality "1"]

1. e4 c5 2. Nf3 Nc6 3. d4 cxd4 4. Nxd4 Nf6 5. Nc3 d6 6. Be2 e6 7. 0-0 Be7 8. Be3 0-0 9. Kh1 Bd7 10. Ndb5 Be8 11. f4 a6 12. e5 dxe5 13. Qxd8 Rxd8 14. fxe5 Nd5 15. Nxd5 Rxd5 16. Nc3 Rxe5 17. Bf4 Rf5 18. Bd3 Rh5 19. Rad1 Ne5 20. Be2 Rf5 21. g4 Bc6+ 22. Nd5 Rxf4 23. Rxf4 Bxd5+ 24. Kg1 Bc5+ 25. Kf1 Ng6 26. Ra4 Ne5 27. g5 f6 0-1

[Event "Bad Sooden-Allendorf Seniors op 14th"]
[Site "Bad Sooden-Allendorf"]
[Date "2002.04.26"]
[Round "5"]
[White "Riessbeck, Joachim"]
[Black "Bodinger, Karl"]
[Result "1-0"]
[WhiteElo "1505"]
[BlackElo "1577"]
[PlyCount "75"]
[EventDate "2002.04.??"]
[EventType "swiss"]
[EventRounds "9"]
[EventCountry "GER"]
[SourceTitle "EXT 2006"]
[Source "ChessBase"]
[SourceDate "2005.11.24"]
[SourceVersion "1"]
[SourceVersionDate "2005.11.24"]
[SourceQuality "1"]

1. Nc3 Nf6 2. d4 d5 3. Bg5 Bf5 4. Bxf6 exf6 5. e3 Bb4 6. Bd3 Bg6 7. Nge2 c6 8. Bxg6 fxg6 9. 0-0 0-0 10. Nf4 Re8 11. Nce2 g5 12. Nd3 Bd6 13. g3 g6 14. b4 Kg7 15. Rb1 b5 16. c3 h5 17. a4 Qc7 18. a5 Na6 19. Qd2 h4 20. f4 g4 21. Rbe1 Qe7 22. Nec1 hxg3 23. hxg3 Rh8 24. Qg2 f5 25. Kf2 Rh3 26. Rh1 Rah8 27. Rxh3 gxh3 28. Qh2 g5 29. fxg5 Qxg5 30. Nf4 Nc7 31. Nce2 Qg4 32. Ng1 Bxf4 33. exf4 Kf6 34. Nf3 Rg8 35. Ne5 Qxf4+ 36. gxf4 Rg2+ 37. Qxg2 hxg2 38. Kxg2 1-0